The wealth report 2018 (Record no. 116173)

MARC details
000 -LEADER
fixed length control field 01225cad a22002295a 4500
001 - CONTROL NUMBER
control field L159979
008 - FIXED-LENGTH DATA ELEMENTS--GENERAL INFORMATION
fixed length control field 180413s2018 xxkd f s 000 0 eng d
035 ## - SYSTEM CONTROL NUMBER
System control number (Sirsi) u159979
041 0# - LANGUAGE CODE
Language code of text/sound track or separate title eng
110 2# - MAIN ENTRY--CORPORATE NAME
Corporate name or jurisdiction name as entry element Knight Frank
9 (RLIN) 1530
245 04 - TITLE STATEMENT
Title The wealth report 2018
Medium [electronic resource]
250 ## - EDITION STATEMENT
Edition statement 12th ed.
260 ## - PUBLICATION, DISTRIBUTION, ETC.
Place of publication, distribution, etc. London
Name of publisher, distributor, etc. Think Publishing
Date of publication, distribution, etc. 2018
520 ## - SUMMARY, ETC.
Summary, etc. Reports on the Knight Frank Prime International Residential Index (PIRI) and attitudes of high net worth individuals (HNWIs) who held a portfolio in the prime residential market in 2018. Examines international commercial market opportunities. Databank presents statistical results of, PIRI, Global Cities and Attitudes surveys. Special features sections include Silicon Valley, New York, London, Amsterdam, Cape Town and Australia. Autumn 2018 updates added September 2018 available at www.knightfrank.com
590 ## - LOCAL NOTE (RLIN)
Local note KA
651 #4 - SUBJECT ADDED ENTRY--GEOGRAPHIC NAME
Geographic name International
690 ## - LOCAL SUBJECT ADDED ENTRY--TOPICAL TERM (OCLC, RLIN)
Topical term or geographic name as entry element Residential property
9 (RLIN) 6266
690 ## - LOCAL SUBJECT ADDED ENTRY--TOPICAL TERM (OCLC, RLIN)
Topical term or geographic name as entry element Commercial property
9 (RLIN) 6227
710 2# - ADDED ENTRY--CORPORATE NAME
Corporate name or jurisdiction name as entry element Citi Private Bank
9 (RLIN) 5312
856 48 - ELECTRONIC LOCATION AND ACCESS
Uniform Resource Identifier <a href="https://www.knightfrank.com/wealthreport/2018/global-wealth/key-trends-2018">https://www.knightfrank.com/wealthreport/2018/global-wealth/key-trends-2018</a>
Public note View the item free of charge at www.knightfrank.com/wealthreport
942 ## - ADDED ENTRY ELEMENTS (KOHA)
Suppress in OPAC 0
Holdings
Withdrawn status Lost status Source of classification or shelving scheme Damaged status Not for loan Home library Current library Shelving location Date acquired Total Checkouts Full call number Barcode Date last seen Copy number Price effective from Koha item type
    Dewey Decimal Classification     Virtual Virtual Online 13/04/2018   ONLINE PUBLICATOIN 159979-2001 06/08/2019 1 06/08/2019 Book